000 00366nam a2200145Ia 4500
003 OSt
005 20240229152600.0
008 170523s9999 xx 000 0 und d
020 _a ‎ 978-8120724839
040 _ciimtu meerut
100 _aBHATIA- RC
245 0 _aOFFICE MANAGEMENT AND COMMERCIAL CORRESPONDENCE
260 _bSTERLING PUBLICATION
942 _2ddc
_c02
999 _c561
_d561